000 00258nam a2200097Ia 4500
008 220204s9999 xx 000 0 und d
082 _a058(548.3)
_bTRA
245 0 _aTravancore directory for 1942. Part I
260 _aKerala
_bGovt of Kerala
_c1941
942 _cBK
999 _c19834
_d19834